000 00817cam a2200265 a 4500
001 000005287
003 DO-SdBNP
005 20221201123948.0
007 ta
008 010725s2001 sp b 001 1 spa
020 _a8403092652
040 _aDO-SdBNP
_bspa
_cBNPHU
082 4 _a862.3
_bC146v
_222
100 1 _aCalderón de la Barca, Pedro,
_d1600-1681.
_95547
245 1 3 _aLa vida es sueño :
_bcon diez ilustraciones /
_cPedro Calderón de la Barca
260 _aMadrid :
_bGrupo Editorial Santillana,
_c2001.
300 _a264 p. ;
_c9 cm.
490 1 _aCrisol XXI
_vEspecial
590 _aInventariado, 2022 / DG
650 4 _aTeatro español
_93071
650 4 _aLiteratura española
_9632
830 0 _93047
_aCrisol.
_pEspecial.
910 _aDG/Validado. Control de calidad MFF
942 _2ddc
_cLBS1
999 _c53021
_d53021